000
00332nam a2200133Ia 4500
008
231221s9999 xx 000 0 und d
020
_a
978-0-387-09564-6
041
_a
English
100
_a
Antonio Badia
245
0
_a
Quantifiers in Action
260
_c
2009
_b
Springer US
_a
New York
650
_a
Computer Science
942
_c
EB
999
_c
217944
_d
217944